[Event "Mistrovstvi Cech 2019 - FIDE"]
[Site "?"]
[Date "2019.10.29"]
[Round "4.3"]
[White "Hlavac, Rudolf"]
[Black "Petr, Jakub"]
[Result "0-1"]
[BlackElo "2288"]
[WhiteElo "1957"]
[LiveChessVersion "1.4.8"]

1. e4 {[%clk 1:30:55]} c5 {[%clk 1:28:46]} 2. Nf3 {[%clk 1:31:09]} Nc6
{[%clk 1:29:11]} 3. d4 {[%clk 1:31:27]} cxd4 {[%clk 1:29:36]} 4. Nxd4
{[%clk 1:31:46]} Nf6 {[%clk 1:30:02]} 5. Nc3 {[%clk 1:31:59]} e5 {[%clk 1:30:25]}
6. Nf5 {[%clk 1:32:13]} d5 {[%clk 1:28:55]} 7. exd5 {[%clk 1:30:55]} Bxf5
{[%clk 1:29:06]} 8. dxc6 {[%clk 1:31:13]} Qxd1+ {[%clk 1:29:10]} 9. Nxd1
{[%clk 1:31:29]} bxc6 {[%clk 1:29:12]} 10. Ne3 {[%clk 1:31:47]} Be6
{[%clk 1:23:52]} 11. Bc4 {[%clk 1:26:46]} Nd5 {[%clk 1:22:47]} 12. O-O
{[%clk 1:25:37]} Nxe3 {[%clk 1:22:19]} 13. Bxe6 {[%clk 1:25:58]} Nxf1
{[%clk 1:22:44]} 14. Bc4 {[%clk 1:25:23]} Nxh2 {[%clk 1:16:31]} 15. Kxh2
{[%clk 1:25:38]} Bd6 {[%clk 1:15:51]} 16. Be3 {[%clk 1:21:56]} Ke7
{[%clk 1:14:34]} 17. Re1 {[%clk 1:21:49]} Rhd8 {[%clk 1:13:43]} 18. c3
{[%clk 1:20:25]} Rd7 {[%clk 1:12:29]} 19. b4 {[%clk 1:20:28]} a5 {[%clk 1:09:20]}
20. b5 {[%clk 1:17:51]} cxb5 {[%clk 1:07:53]} 21. Bxb5 {[%clk 1:16:58]} Rc7
{[%clk 1:07:32]} 22. c4 {[%clk 1:17:09]} Bc5 {[%clk 1:05:35]} 23. Bg5+
{[%clk 1:16:48]} f6 {[%clk 1:05:52]} 24. Bh4 {[%clk 1:15:58]} g5 {[%clk 1:05:13]}
25. Bg3 {[%clk 1:16:27]} h5 {[%clk 1:05:28]} 26. Kg1 {[%clk 1:15:08]} Rd8
{[%clk 1:05:04]} 0-1

[Event "Mistrovstvi Cech 2019 - FIDE"]
[Site "?"]
[Date "2019.10.29"]
[Round "4.4"]
[White "Nagy, Ladislav"]
[Black "Jun, Rudolf"]
[Result "0-1"]
[BlackElo "2105"]
[WhiteElo "2140"]
[LiveChessVersion "1.4.8"]

1. e4 {[%clk 1:30:49]} c5 {[%clk 1:30:43]} 2. Nc3 {[%clk 1:30:44]} Nc6
{[%clk 1:30:59]} 3. g3 {[%clk 1:30:56]} g6 {[%clk 1:31:22]} 4. Bg2
{[%clk 1:31:03]} Bg7 {[%clk 1:31:36]} 5. d3 {[%clk 1:31:05]} d6 {[%clk 1:31:27]}
6. f4 {[%clk 1:31:03]} e6 {[%clk 1:31:30]} 7. Nf3 {[%clk 1:30:12]} Nge7
{[%clk 1:31:31]} 8. O-O {[%clk 1:29:41]} O-O {[%clk 1:31:37]} 9. Be3
{[%clk 1:29:20]} b5 {[%clk 1:22:41]} 10. e5 {[%clk 1:01:13]} b4 {[%clk 1:14:50]}
11. Ne4 {[%clk 0:54:44]} dxe5 {[%clk 1:13:31]} 12. Nxe5 {[%clk 0:51:55]} Nxe5
{[%clk 1:13:30]} 13. fxe5 {[%clk 0:51:36]} Bxe5 {[%clk 1:13:44]} 14. Bxc5
{[%clk 0:43:45]} Bxb2 {[%clk 0:58:09]} 15. Nf6+ {[%clk 0:36:27]} Bxf6
{[%clk 0:58:33]} 16. Rxf6 {[%clk 0:32:00]} Rb8 {[%clk 0:57:52]} 17. Bxa7
{[%clk 0:28:37]} Rb5 {[%clk 0:58:15]} 18. Rf1 {[%clk 0:24:54]} Nd5
{[%clk 0:56:14]} 19. a4 {[%clk 0:20:27]} Ra5 {[%clk 0:54:41]} 20. Bf2
{[%clk 0:17:38]} Bd7 {[%clk 0:53:00]} 21. Qd2 {[%clk 0:14:42]} Bxa4
{[%clk 0:50:56]} 22. Bd4 {[%clk 0:12:35]} Bc6 {[%clk 0:49:02]} 23. Rxa5
{[%clk 0:10:50]} Qxa5 {[%clk 0:48:37]} 24. Qh6 {[%clk 0:10:02]} f6
{[%clk 0:47:40]} 25. Be4 {[%clk 0:08:19]} Rf7 {[%clk 0:46:47]} 26. Ra1
{[%clk 0:07:07]} Qd8 {[%clk 0:46:03]} 27. Bc5 {[%clk 0:04:20]} f5
{[%clk 0:42:50]} 28. Bg2 {[%clk 0:04:19]} Bb7 {[%clk 0:41:43]} 29. Re1
{[%clk 0:03:39]} Qc8 {[%clk 0:40:53]} 30. d4 {[%clk 0:03:22]} Bc6
{[%clk 0:38:22]} 31. Qd2 {[%clk 0:02:21]} Nf6 {[%clk 0:36:21]} 32. Bxc6
{[%clk 0:01:56]} Qxc6 {[%clk 0:34:56]} 33. Qxb4 {[%clk 0:02:16]} Rb7
{[%clk 0:33:16]} 34. Qa5 {[%clk 0:02:29]} Rb8 {[%clk 0:32:22]} 35. Qa7
{[%clk 0:02:30]} Re8 {[%clk 0:32:23]} 36. Qb6 {[%clk 0:01:36]} Qd5
{[%clk 0:30:54]} 37. Qb3 {[%clk 0:01:12]} Qc6 {[%clk 0:29:27]} 38. Qb6
{[%clk 0:01:25]} Qd5 {[%clk 0:27:39]} 39. Qb3 {[%clk 0:01:34]} Qd7
{[%clk 0:27:27]} 40. Ra1 {[%clk 0:01:22]} Ne4 {[%clk 0:26:57]} 41. Qb6
{[%clk 0:00:42]} Qd5 {[%clk 0:25:40]} 42. Qb5 {[%clk 0:00:42]} Ra8
{[%clk 0:24:32]} 43. Rxa8+ {[%clk 0:00:42]} Qxa8 {[%clk 0:24:56]} 44. Be7
{[%clk 0:00:38]} Nd2 {[%clk 0:24:13]} 45. Qd7 {[%clk 0:00:34]} Qa1+
{[%clk 0:21:37]} 46. Kf2 {[%clk 0:00:57]} Qf1+ {[%clk 0:21:58]} 47. Ke3
{[%clk 0:01:22]} Nc4# {[%clk 0:22:24]} 0-1

[Event "Mistrovstvi Cech 2019 - FIDE"]
[Site "?"]
[Date "2019.10.29"]
[Round "4.5"]
[White "Mach, Petr"]
[Black "Zizka, Petr"]
[Result "0-1"]
[BlackElo "2128"]
[WhiteElo "2050"]
[LiveChessVersion "1.4.8"]

1. d4 {[%clk 1:30:58]} Nf6 {[%clk 1:30:41]} 2. c4 {[%clk 1:31:23]} g6
{[%clk 1:30:49]} 3. Nc3 {[%clk 1:31:49]} Bg7 {[%clk 1:31:12]} 4. g3
{[%clk 1:32:13]} O-O {[%clk 1:31:28]} 5. Bg2 {[%clk 1:32:41]} d6 {[%clk 1:31:50]}
6. Nf3 {[%clk 1:33:06]} Nc6 {[%clk 1:32:13]} 7. d5 {[%clk 1:28:57]} Na5
{[%clk 1:32:35]} 8. b3 {[%clk 1:29:23]} Nxd5 {[%clk 1:28:58]} 9. Nxd5
{[%clk 1:29:46]} Bxa1 {[%clk 1:29:17]} 10. Bd2 {[%clk 1:30:13]} c6
{[%clk 1:29:06]} 11. Qxa1 {[%clk 1:30:38]} cxd5 {[%clk 1:28:43]} 12. cxd5
{[%clk 1:31:03]} f6 {[%clk 1:20:30]} 13. h4 {[%clk 1:30:38]} b6 {[%clk 1:03:12]}
14. h5 {[%clk 1:30:59]} g5 {[%clk 0:58:56]} 15. Bxg5 {[%clk 1:23:34]} fxg5
{[%clk 0:56:56]} 16. h6 {[%clk 1:24:00]} Rf6 {[%clk 0:56:22]} 17. Nxg5
{[%clk 1:06:12]} Qf8 {[%clk 0:39:18]} 18. Be4 {[%clk 1:04:26]} Bf5
{[%clk 0:35:52]} 19. Ne6 {[%clk 1:04:53]} Bxe6 {[%clk 0:26:12]} 20. dxe6
{[%clk 1:05:17]} d5 {[%clk 0:25:21]} 21. Bxd5 {[%clk 1:04:37]} Rd8
{[%clk 0:25:24]} 22. Rh5 {[%clk 1:04:15]} Rxh6 {[%clk 0:24:40]} 23. Rg5+
{[%clk 1:04:29]} Rg6 {[%clk 0:24:52]} 24. Qe5 {[%clk 1:04:38]} Rxg5
{[%clk 0:19:02]} 25. Qxg5+ {[%clk 1:05:04]} Qg7 {[%clk 0:19:22]} 26. Qh5
{[%clk 1:05:31]} Qg6 {[%clk 0:17:47]} 27. Qxg6+ {[%clk 1:05:22]} hxg6
{[%clk 0:17:58]} 28. e4 {[%clk 1:05:49]} Rd6 {[%clk 0:16:35]} 29. f4
{[%clk 1:06:02]} Nc6 {[%clk 0:16:33]} 30. g4 {[%clk 1:06:28]} Kg7
{[%clk 0:16:18]} 31. Bc4 {[%clk 1:06:53]} Nd4 {[%clk 0:16:08]} 32. e5
{[%clk 1:07:02]} Rxe6 {[%clk 0:15:09]} 33. Bxe6 {[%clk 1:07:26]} Nxe6
{[%clk 0:15:34]} 34. f5 {[%clk 1:07:52]} gxf5 {[%clk 0:15:45]} 0-1

[Event "Mistrovstvi Cech 2019 - FIDE"]
[Site "?"]
[Date "2019.10.29"]
[Round "4.6"]
[White "Holasek, Vojtech"]
[Black "Kotva, Milan"]
[Result "1-0"]
[BlackElo "1906"]
[WhiteElo "1905"]
[LiveChessVersion "1.4.8"]

1. Nf3 d5 2. c4 e6 3. b3 Nf6 4. Bb2 Nbd7 5. g3 Bd6 6. Bg2 O-O 7. O-O c6 8. Nc3 a5
9. Qc2 Nc5 10. d3 e5 11. cxd5 cxd5 12. Nb5 e4 13. dxe4 Ncxe4 14. Nxd6 Qxd6 15.
Rfd1 Be6 16. Be5 Qa6 17. Rac1 a4 18. Nd4 axb3 19. axb3 Rfc8 20. Qb2 Qb6 21. e3
Qd8 22. Bxe4 Rxc1 23. Rxc1 dxe4 24. Nxe6 fxe6 25. Qc2 Qd3 26. Bxf6 gxf6 27. Qxd3
exd3 28. Rd1 Rd8 29. Rd2 e5 30. e4 Kf7 31. f3 Ke6 32. Kf2 Rc8 33. Ke3 Rc3 34.
Rxd3 Rc2 35. h4 h5 36. f4 Rc7 37. fxe5 fxe5 38. Kd2 Rf7 39. Kc3 Rf2 40. Re3 Kd6
41. Kb4 Kc6 42. Rc3+ Kd6 43. Rd3+ Ke6 44. Re3 Rc2 45. Kb5 Rc6 46. g4 hxg4 47. Rg3
Rc7 48. Rxg4 Rf7 49. h5 Rf3 50. b4 Rh3 51. Rg6+ Kf7 52. Rb6 Rxh5 53. Rxb7+ Ke6
54. Kc5 Rh1 55. Rb6+ Kd7 56. Rd6+ Kc7 57. Re6 Rh5 58. b5 Rh1 59. Re7+ Kb8 60.
Rxe5 Rh6 61. Re8+ Kb7 62. e5 Rh1 63. Re7+ Kb8 64. e6 Kc8 65. Kb6 Kd8 66. Rd7+ Kc8
67. Rf7 Kd8 68. Kb7 Re1 69. Rd7+ Ke8 70. Rd6 Ke7 71. Rc6 Kd8 72. b6 Ra1 73. Kb8
Ra6 74. e7+ Kxe7 75. Kc7 1-0

[Event "Mistrovstvi Cech 2019 - FIDE"]
[Site "?"]
[Date "2019.10.29"]
[Round "4.7"]
[White "Holasek, Pavel"]
[Black "Kopriva, Martin"]
[Result "1-0"]
[BlackElo "2039"]
[WhiteElo "2120"]
[LiveChessVersion "1.4.8"]

1. d4 {[%clk 1:30:35]} g6 {[%clk 1:30:47]} 2. c4 {[%clk 1:30:59]} Bg7
{[%clk 1:31:12]} 3. Nc3 {[%clk 1:31:14]} d6 {[%clk 1:31:34]} 4. e4
{[%clk 1:31:39]} Nf6 {[%clk 1:31:50]} 5. Be2 {[%clk 1:31:43]} O-O
{[%clk 1:32:12]} 6. Bg5 {[%clk 1:32:03]} Na6 {[%clk 1:29:28]} 7. Qc1
{[%clk 1:28:52]} e5 {[%clk 1:24:18]} 8. d5 {[%clk 1:29:04]} Qe8 {[%clk 1:23:06]}
9. f3 {[%clk 1:21:40]} Nd7 {[%clk 1:17:57]} 10. h4 {[%clk 1:15:55]} f6
{[%clk 1:13:47]} 11. Bh6 {[%clk 1:11:22]} f5 {[%clk 1:11:18]} 12. exf5
{[%clk 1:02:16]} gxf5 {[%clk 1:10:25]} 13. h5 {[%clk 1:01:25]} Ndc5
{[%clk 1:01:36]} 14. Bxg7 {[%clk 0:57:56]} Kxg7 {[%clk 1:01:24]} 15. Qg5+
{[%clk 0:58:20]} Kh8 {[%clk 0:58:20]} 16. O-O-O {[%clk 0:57:15]} Qf7
{[%clk 0:54:43]} 17. Nh3 {[%clk 0:52:40]} Rg8 {[%clk 0:51:31]} 18. Qh4
{[%clk 0:51:41]} Bd7 {[%clk 0:45:38]} 19. g4 {[%clk 0:50:41]} Na4
{[%clk 0:40:21]} 20. Nxa4 {[%clk 0:47:22]} Bxa4 {[%clk 0:40:06]} 21. Rdg1
{[%clk 0:47:15]} c6 {[%clk 0:30:42]} 22. g5 {[%clk 0:43:31]} f4 {[%clk 0:21:21]}
23. Bd3 {[%clk 0:42:02]} Nb4 {[%clk 0:19:19]} 24. Bb1 {[%clk 0:41:40]} cxd5
{[%clk 0:16:50]} 25. g6 {[%clk 0:41:52]} Qc7 {[%clk 0:12:48]} 26. Qf6+
{[%clk 0:41:20]} Rg7 {[%clk 0:09:17]} 27. b3 {[%clk 0:40:38]} Qc5
{[%clk 0:08:49]} 28. h6 {[%clk 0:37:43]} Qe3+ {[%clk 0:07:21]} 29. Kb2
{[%clk 0:36:56]} Qd2+ {[%clk 0:06:28]} 30. Ka3 {[%clk 0:37:07]} Nd3
{[%clk 0:06:29]} 31. Qxg7# 1-0

[Event "Mistrovstvi Cech 2019 - FIDE"]
[Site "?"]
[Date "2019.10.29"]
[Round "4.8"]
[White "Polansky, Adam Lubos"]
[Black "Pise, Jiri"]
[Result "1-0"]
[BlackElo "1775"]
[WhiteElo "2039"]
[LiveChessVersion "1.4.8"]

1. d4 {[%clk 1:30:56]} Nf6 {[%clk 1:30:51]} 2. c4 {[%clk 1:31:23]} e6
{[%clk 1:30:56]} 3. g3 {[%clk 1:31:50]} Bb4+ {[%clk 1:31:16]} 4. Bd2
{[%clk 1:32:16]} Bxd2+ {[%clk 1:31:35]} 5. Qxd2 {[%clk 1:32:29]} O-O
{[%clk 1:31:21]} 6. Nf3 {[%clk 1:32:48]} d5 {[%clk 1:31:18]} 7. Bg2
{[%clk 1:33:07]} Nbd7 {[%clk 1:31:00]} 8. O-O {[%clk 1:33:30]} Ne4
{[%clk 1:30:07]} 9. Qc2 {[%clk 1:33:55]} c6 {[%clk 1:27:34]} 10. Nbd2 Nxd2
{[%clk 1:24:26]} 11. Nxd2 {[%clk 1:33:08]} Nf6 {[%clk 1:23:45]} 12. Rfd1
{[%clk 1:32:18]} Qb6 {[%clk 1:20:33]} 13. Qc3 {[%clk 1:25:52]} Bd7
{[%clk 1:15:52]} 14. b4 {[%clk 1:19:38]} a5 {[%clk 1:04:21]} 15. a3
{[%clk 1:19:43]} Ra7 {[%clk 1:02:03]} 16. e4 {[%clk 1:18:27]} Rfa8
{[%clk 0:54:18]} 17. e5 {[%clk 1:18:10]} Ne8 {[%clk 0:54:34]} 18. Rdb1
{[%clk 1:15:54]} Qc7 {[%clk 0:49:08]} 19. Nb3 {[%clk 1:10:46]} axb4
{[%clk 0:39:03]} 20. Qxb4 {[%clk 1:11:02]} Bc8 {[%clk 0:36:21]} 21. a4
{[%clk 1:10:21]} h6 {[%clk 0:32:25]} 22. Rc1 {[%clk 1:07:56]} Qd8
{[%clk 0:30:53]} 23. h4 {[%clk 1:06:10]} Ra6 {[%clk 0:22:23]} 24. c5
{[%clk 1:04:57]} Nc7 {[%clk 0:21:27]} 25. Bf1 {[%clk 1:05:10]} R6a7
{[%clk 0:21:41]} 26. Bd3 {[%clk 1:04:20]} Na6 {[%clk 0:19:39]} 27. Qd2
{[%clk 1:03:58]} Nb8 {[%clk 0:19:17]} 28. a5 {[%clk 1:04:24]} Nd7
{[%clk 0:18:32]} 29. Kg2 {[%clk 1:04:46]} Nf8 {[%clk 0:18:18]} 30. Rh1
{[%clk 1:04:43]} Bd7 {[%clk 0:16:48]} 31. g4 {[%clk 1:04:53]} Be8
{[%clk 0:16:10]} 32. Kg3 {[%clk 1:03:27]} Qe7 {[%clk 0:15:26]} 33. f4
{[%clk 1:03:45]} Bd7 {[%clk 0:13:09]} 34. Raf1 {[%clk 1:03:55]} Re8
{[%clk 0:10:58]} 35. f5 {[%clk 1:02:18]} Qd8 {[%clk 0:08:53]} 36. f6
{[%clk 1:02:25]} Nh7 {[%clk 0:08:50]} 37. fxg7 {[%clk 1:02:09]} Kxg7
{[%clk 0:09:02]} 38. Bxh7 {[%clk 1:02:33]} Kxh7 {[%clk 0:09:15]} 39. Rxf7+
{[%clk 1:03:00]} Kg8 {[%clk 0:09:05]} 40. Rhf1 {[%clk 1:02:52]} Re7
{[%clk 0:08:46]} 41. R7f6 {[%clk 1:00:17]} Rh7 {[%clk 0:07:52]} 42. Rg6+
{[%clk 0:59:53]} Rg7 {[%clk 0:06:49]} 43. Qxh6 {[%clk 1:00:11]} Qe7
{[%clk 0:06:40]} 44. Rff6 {[%clk 1:00:30]} 1-0

[Event "Narodni Open 2019"]
[Site "?"]
[Date "2019.10.29"]
[Round "4.2"]
[White "Vaclavik, Patrik"]
[Black "Jodas, Daniel"]
[Result "0-1"]
[WhiteElo "1501"]
[BlackElo "1716"]
[PlyCount "47"]
[SourceVersionDate "2019.10.29"]

1. e4 d5 2. exd5 Qxd5 3. Nc3 Qa5 4. d4 Nf6 5. Nf3 Bf5 6. Bc4 e6 7. O-O Be7 8.
Bd2 c6 9. Nd5 Qd8 10. Nxe7 Qxe7 11. Re1 O-O 12. Nh4 Be4 13. Bg5 Bd5 14. Bxd5
cxd5 15. Qf3 Nbd7 16. Nf5 Qb4 17. Nh6+ Kh8 18. c3 Qxb2 19. Reb1 Qc2 20. Rxb7
Qg6 21. Rxd7 Nxd7 22. Be7 Qxh6 23. Bxf8 Rxf8 24. Qe2 0-1

[Event "Narodni Open 2019"]
[Site "?"]
[Date "2019.10.29"]
[Round "4.4"]
[White "Burita, Dobroslav"]
[Black "Rezac, Josef"]
[Result "0-1"]
[WhiteElo "1668"]
[BlackElo "1520"]
[PlyCount "34"]
[SourceVersionDate "2019.10.29"]

1. e4 e5 2. Nf3 Nc6 3. d4 exd4 4. Bc4 Bc5 5. O-O d6 6. c3 Nf6 7. cxd4 Bb6 8. e5
dxe5 9. d5 Ne7 10. Nc3 Bg4 11. Qa4+ Bd7 12. Qb3 O-O 13. Nxe5 Nc8 14. Bg5 Bf5
15. Qd1 Nd6 16. Be2 Re8 17. Bb5 Rxe5 0-1

[Event "Narodni Open 2019"]
[Site "?"]
[Date "2019.10.29"]
[Round "4.5"]
[White "Kubik, Miroslav"]
[Black "Kovar, Pavel"]
[Result "1/2-1/2"]
[WhiteElo "1636"]
[BlackElo "1371"]
[PlyCount "49"]
[SourceVersionDate "2019.10.29"]

1. e4 e5 2. Nf3 Nc6 3. d4 exd4 4. Bc4 Bc5 5. c3 Nf6 6. O-O Nxe4 7. cxd4 Bb4 8.
a3 Ba5 9. b4 Bb6 10. Re1 d5 11. Bxd5 Qxd5 12. Nc3 Qd8 13. Rxe4+ Ne7 14. Qe1 Bf5
15. Re5 Bg4 16. Rd5 Qc8 17. Re5 Qd7 18. Ng5 Bxd4 19. Re4 Bf5 20. Rxd4 Qxd4 21.
Be3 Qe5 22. Nf3 Qe6 23. Nd4 Qe5 24. Nf3 Qe6 25. Nd4 1/2-1/2

[Event "Narodni Open 2019"]
[Site "?"]
[Date "2019.10.29"]
[Round "4.3"]
[White "Stepan, Vojtech"]
[Black "Bulva, Frantisek"]
[Result "0-1"]
[WhiteElo "1680"]
[BlackElo "1575"]
[PlyCount "70"]
[EventDate "2019.??.??"]
[SourceVersionDate "2019.10.29"]

1. e4 d5 2. exd5 Qxd5 3. Nc3 Qa5 4. d4 Nf6 5. Bc4 Bf5 6. Nf3 e6 7. O-O Bd6 8.
Re1 O-O 9. Nb5 Be7 10. a3 c6 11. Nc3 Bd6 12. Bg5 Nbd7 13. h3 h6 14. Bd2 Qc7 15.
Nh4 Bh7 16. Qc1 Rac8 17. b4 Nd5 18. Ne4 Be7 19. Nf3 N7f6 20. Ng3 Bd6 21. Ne5
Nd7 22. Nh5 Nxe5 23. Bxh6 Nxc4 24. Bxg7 Bf4 25. Qd1 Bg6 26. g3 Bxh5 27. Qxh5
Kxg7 28. Qg4+ Kf6 29. Kh2 Rg8 30. Qh4+ Bg5 31. Qe4 Ke7 32. h4 Nf6 33. Qe2 Bxh4
34. Qxc4 Bxg3+ 35. Kg2 Bh2+ 0-1

[Event "Narodni Open 2019"]
[Site "?"]
[Date "2019.10.29"]
[Round "4.1"]
[White "Holasek, Vit"]
[Black "Seterle, Matej"]
[Result "1/2-1/2"]
[WhiteElo "1779"]
[BlackElo "1674"]
[PlyCount "97"]
[SourceVersionDate "2019.10.29"]

1. e4 c5 2. f4 Nc6 3. Nf3 d6 4. Be2 Bd7 5. O-O g6 6. d3 Bg7 7. c3 Nf6 8. Na3 a6
9. Qe1 Qc7 10. Be3 Ng4 11. Nc2 Nxe3 12. Nxe3 e6 13. Rc1 Qb6 14. Nc4 Qc7 15. Qg3
d5 16. Nce5 Nxe5 17. Nxe5 Bxe5 18. fxe5 dxe4 19. Qf4 Bc6 20. dxe4 O-O-O 21.
Rcd1 Rxd1 22. Rxd1 Rd8 23. Rd6 Qb6 24. Qxf7 Qxb2 25. Bg4 Qc1+ 26. Qf1 Qxf1+ 27.
Kxf1 Rxd6 28. exd6 Bxe4 29. Bxe6+ Kd8 30. g4 Bc6 31. g5 Bd7 32. Bd5 b5 33. Kf2
b4 34. cxb4 cxb4 35. Ke3 Bf5 36. Kd4 a5 37. Kc5 Kd7 38. Bc6+ Kd8 39. Bd5 Kd7
40. Bb3 Bb1 41. h4 Kd8 42. Kb5 Kd7 43. Kxa5 Kxd6 44. Kxb4 Bxa2 45. Bxa2 Ke5 46.
Bg8 Kf5 47. Bxh7 Kg4 48. h5 Kxh5 49. Bxg6+ 1/2-1/2

[Event "Mistrovstvi Cech mladeze v sachu 2019 - HD12"]
[Site "Prichovice u Korenova"]
[Date "2019.10.29"]
[Round "4"]
[White "Bouska, Jiri"]
[Black "Day, Tobias"]
[Result "0-1"]
[WhiteElo "1457"]
[BlackElo "1807"]
[EventDate "2019.10.26"]

1. e4 c5 2. Nf3 Nc6 3. d4 cxd4 4. Nxd4 Nf6 5. Nc3 e6 6. Be3 Bb4 7. f3 d5 8. Bb5
Bd7 9. O-O e5 10. Bg5 Nxd4 11. Bxd7+ Qxd7 12. Bxf6 gxf6 13. Nxd5 Be7 14. c3 Ne6
15. Qb3 Nc5 16. Qc2 O-O-O 17. Rad1 Bd6 18. b4 Ne6 19. Qf2 b6 20. c4 Bxb4 21. Nxb4
Qxd1 22. Nc6 Qd2 23. Qh4 Qg5 24. Qe1 Rhg8 25. g3 Kb7 26. Na5+ bxa5 27. Qxa5 Qe3+
28. Kh1 Qb6 29. Qa3 Nc5 30. Rf2 Rd3 31. Qc1 Rgd8 32. Rf1 Rd2 33. Qa1 Rb2 34. Rd1
Rxd1+ 35. Qxd1 Rb1 0-1

[Event "Mistrovstvi Cech mladeze v sachu 2019 - HD12"]
[Site "Prichovice u Korenova"]
[Date "2019.10.29"]
[Round "4"]
[White "Zelba, Lukas"]
[Black "Sedmihradsky, Tomas"]
[Result "1/2-1/2"]
[WhiteElo "1610"]
[BlackElo "1028"]
[EventDate "2019.10.26"]

1. d4  Nf6  2. Bf4  g6
3. Nc3  d5  4. e3
a6  5. Be2  Bg7
6. a3  O-O  7. h4  h5
8. Nf3  Bg4  9. Nh2
Bxe2 10. Qxe2  Qd7  11. f3
Nc6  12. Bg3  Rfe8
13. Rd1  e5  14. dxe5
Nxe5  15. O-O  Nc4
16. Nxd5  Qc6  17. Nxf6+
Bxf6  18. e4 1/2-1/2

[Event "Mistrovstvi Cech mladeze v sachu 2019 - HD12"]
[Site "Prichovice u Korenova"]
[Date "2019.10.29"]
[Round "4"]
[White "Soucek, Jan"]
[Black "Levitner, Matej"]
[Result "1-0"]
[WhiteElo "1705"]
[BlackElo "1347"]
[EventDate "2019.10.26"]

1. d4  d5  2. Nf3  Nf6
3. c4  c5  4. Nc3
e6  5. cxd5  Nxd5
6. e4  cxd4  7. exd5
dxc3  8. Bb5+  Bd7
9. dxe6  fxe6  10. Bc4
Bb4  11. O-O  O-O
12. Qb3  Qe7  13. Bg5
Qd6  14. Rad1  Qb6
15. Ne5  Bc8  16. Be3
Bc5  17. Bxc5  Qxc5
18. Bxe6+  Kh8  19. Bxc8
Qxc8  20. Nf7+  Rxf7
21. Qxf7  cxb2  22. Rfe1
Nc6  23. Rd7  Ne7
24. Rdxe7  1-0

[Event "Mistrovstvi Cech mladeze v sachu 2019 - HD12"]
[Site "Prichovice u Korenova"]
[Date "2019.10.29"]
[Round "4"]
[White "Vana, Jan"]
[Black "Belaska, Vaclav"]
[Result "1/2-1/2"]
[WhiteElo "1268"]
[BlackElo "1339"]
[EventDate "2019.10.26"]

1. d4  Nf6  2. c4  g6
3. Nc3  Bg7  4. e4
d6  5. f3  O-O
6. Be3  Nfd7  7. Qd2  c5
8. d5  Ne5  9. O-O-O
Nbd7  10. Bh6  Nb6
11. b3  a5  12. a4
Bd7  13. h4  Qe8
14. Bxg7  Kxg7  15. h5
Rh8  16. hxg6  hxg6
17. Rxh8  Qxh8  18. f4
Ng4  19. Nf3  Kg8
20. Kc2  Nh2  21. Be2
Nxf3  22. Bxf3  f6
23. g4  Kf7  24. Rh1
Qg7  25. Qh2  Rg8
1/2-1/2

[Event "Mistrovstvi Cech mladeze v sachu 2019 - HD12"]
[Site "Prichovice u Korenova"]
[Date "2019.10.29"]
[Round "4"]
[White "Veverka, Vladimir"]
[Black "Cinkova, Vicky"]
[Result "1-0"]
[WhiteElo "1513"]
[BlackElo "1207"]
[EventDate "2019.10.26"]

1. e4  c5  2. Nf3  Nc6
3. d4  cxd4  4. Nxd4
g6  5. c4  Bg7
6. Be3  Nf6  7. Nc3  O-O
8. Be2  d6  9. O-O
Bd7  10. Qd2  Ng4
11. Bxg4  Bxg4  12. f3
Bd7  13. Qf2  Rc8
14. Rac1  Ne5  15. Rfd1
Nxc4  16. g4  Nxe3
17. Qxe3  Qb6  18. Qf2
Rc4  19. Nb3  Qxf2+
20. Kxf2  Ba4  21. Nd5
Rxc1  22. Nxe7+  Kh8
23. Rxc1  Bxb2  24. Rc7
b5  25. Ke3  Bxb3
26. axb3  Ba3  27. Kd4
a5  28. Rb7  Bc5+
29. Kd5  Ra8  30. Rxb5
a4  31. bxa4  Rxa4
32. g5  h6  33. gxh6
Kh7  34. Nc6  Ra3
35. e5  Rxf3  36. exd6
Rf6  37. Kxc5  Rf5+
38. Kb6  Rf6  39. Kc7
Rxd6  40. Kxd6  Kxh6
41. Ne7  Kg7  42. h4
Kh6  43. Rg5  Kh7
44. Nxg6  fxg6  45. Ke6
Kh6  46. Kf7  Kh7
47. Rxg6  Kh8  48. Rh6#
1-0

[Event "Mistrovstvi Cech mladeze v sachu 2019 - HD12"]
[Site "Prichovice u Korenova"]
[Date "2019.10.29"]
[Round "4"]
[White "Barta, David"]
[Black "Veverkova, Dorota"]
[Result "1-0"]
[WhiteElo "1478"]
[BlackElo "1222"]
[EventDate "2019.10.26"]

1. d4  Nf6  2. Nf3  g6
3. g3  Bg7  4. Bg2
O-O  5. O-O  d6
6. c4  Nc6  7. Nc3  Bd7
8. e4  e5  9. d5
Ne7  10. Be3  Qc8
11. Nd2  Bh3  12. Rc1
Bxg2  13. Kxg2  Nd7
14. b4  f5  15. Bg5
Nf6  16. f3  h6
17. Be3  Nd7  18. Qb3  f4
19. Bf2  Kh8  20. g4
g5  21. Qa3  a6
22. Nb3  Qe8  23. c5  h5
24. h3  Kh7  25. cxd6
cxd6  26. Na4  Nc8
27. Nc3  Ncb6  28. Na4
Nxa4  29. Qxa4  hxg4
30. hxg4  Rh8  31. Rc7
b5  32. Qa3  Qd8
33. Rfc1  Qe7  34. R1c6
Bf8  35. Rxa6  Rxa6
36. Qxa6  Kg8  37. Rc1
Qh7  38. Kf1  Qh3+
39. Ke2  Qg2  40. Rg1
Qh2  41. Qxb5  Nf6
42. a4 1-0

[Event "Mistrovstvi Cech mladeze v sachu 2019 - HD12"]
[Site "Prichovice u Korenova"]
[Date "2019.10.29"]
[Round "4"]
[White "Martirosyan, David"]
[Black "Dobsa, Emma"]
[Result "1-0"]
[WhiteElo "1441"]
[BlackElo "1342"]
[EventDate "2019.10.26"]

1. e4  e5  2. Nf3  Nc6
3. Bb5  Nf6  4. d3
Bc5  5. c3  O-O
6. Bg5  h6  7. Bh4  a6
8. Ba4  Ba7  9. O-O
Re8  10. Re1  d6
11. h3  g5  12. Bg3
g4  13. hxg4  Bxg4
14. Qc1  Kh7  15. Nbd2
Nh5  16. Nf1  Bxf3
17. gxf3  Nxg3  18. Nxg3
Qh4  19. Kg2  Rg8
20. Rh1  Qf6  21. Rh3
Qf4  22. Kf1  Rg6
23. Qxf4  exf4  24. Nf5
Rag8  25. Ke2  b5
26. Bb3  Rf6  27. Rah1
Rgg6  28. Rh4  Nd8
29. d4  Ne6  30. d5
Ng7  31. Nd4  a5
32. Bc2  Kg8  33. Nc6
Bb6  34. Ne7+  Kf8
35. Nxg6+  Rxg6  36. Rxh6
Rg2  37. Rf1  Kg8
38. Rh4  f6  39. Rxf4
Kh8  40. Rxf6  Rh2
41. Rf8+  1-0

[Event "Mistrovstvi Cech mladeze v sachu 2019 - HD12"]
[Site "Prichovice u Korenova"]
[Date "2019.10.29"]
[Round "4"]
[White "Bartak, Josef"]
[Black "Janouskova, Adela"]
[Result "0-1"]
[WhiteElo "1425"]
[BlackElo "1257"]
[EventDate "2019.10.26"]
[PlyCount "62"]

1. e4 c5 2. Nc3 Nc6 3. f4 d6 4. Nf3 Nf6 5. d3 g6 6. g3 Bg7 7. Bg2 O-O 8. O-O
Qb6 9. h3 e6 10. g4 h5 11. g5 Nh7 12. Ne2 e5 13. f5 gxf5 14. Ng3 f4 15. Nxh5
Qd8 16. h4 Bg4 17. Nxg7 Kxg7 18. Qd2 f6 19. Nh2 Qd7 20. gxf6+ Rxf6 21. b3 Rg6
22. Rf2 Nd4 23. c3 f3 24. cxd4 Rf8 25. Nxg4 Qxg4 26. dxe5 Qxh4 27. exd6 Qh3 28.
Bb2+ Nf6 29. e5 Rh8 30. exf6+ Kf7 31. Raf1 Rxg2+ 0-1

[Event "Mistrovstvi Cech mladeze v sachu 2019 - HD12"]
[Site "Prichovice u Korenova"]
[Date "2019.10.29"]
[Round "4"]
[White "Andrle, Filip"]
[Black "Tichy, Tomas"]
[Result "1/2-1/2"]
[WhiteElo "1420"]
[BlackElo "1426"]
[EventDate "2019.10.26"]
[PlyCount "44"]

1. e4 c5 2. Nf3 Nc6 3. d4 cxd4 4. Nxd4 Nf6 5. Nc3 e5 6. Nb3 Bb4 7. Bc4 O-O 8.
O-O Bxc3 9. bxc3 Nxe4 10. Ba3 d6 11. Qd3 Nc5 12. Nxc5 dxc5 13. Bxc5 Qxd3 14.
cxd3 Re8 15. Rfe1 Be6 16. Bxe6 Rxe6 17. Rad1 Rd8 18. f3 g6 19. Kf2 b6 20. Be3
Red6 21. Ke2 Rd5 22. Rd2 f6 1/2-1/2